Estadísticas sobre el recurso agua en Colombia / (Registro nro. 7803)

Detalles MARC
000 -LEADER
fixed length control field 01208nam a2200253Ia 4500
003 - CONTROL NUMBER IDENTIFIER
control field OSt
005 - DATE AND TIME OF LATEST TRANSACTION
control field 20210518132803.0
008 - FIXED-LENGTH DATA ELEMENTS--GENERAL INFORMATION
fixed length control field 210310s1992 ck adb gr 001 0 spa d
020 ## - INTERNATIONAL STANDARD BOOK NUMBER
International Standard Book Number 958904901x
040 ## - CATALOGING SOURCE
Original cataloging agency CO-JMCR
Transcribing agency CO-JMCR
041 0# - LANGUAGE CODE
Language code of text/sound track or separate title spa
082 04 - DEWEY DECIMAL CLASSIFICATION NUMBER
Classification number 333.91861021 /
Item number M353e
Edition number 23
100 1# - MAIN ENTRY--PERSONAL NAME
Personal name Marín Ramírez, Rodrigo,
9 (RLIN) 15501
Relator term autor
245 10 - TITLE STATEMENT
Title Estadísticas sobre el recurso agua en Colombia /
Statement of responsibility, etc. Rodrigo Marín Ramírez
250 ## - EDITION STATEMENT
Edition statement Segunda edición
260 ## - PUBLICATION, DISTRIBUTION, ETC.
Place of publication, distribution, etc. Bogotá :
Name of publisher, distributor, etc. Ministerio de Agricultura,
Date of publication, distribution, etc. 1992
300 ## - PHYSICAL DESCRIPTION
Extent 412 páginas :
Other physical details ilustraciones, gráficas y mapas a color ;
Dimensions 24 cm.
500 ## - GENERAL NOTE
General note Incluye glosario de términos.
504 ## - BIBLIOGRAPHY, ETC. NOTE
Bibliography, etc. note Bibliografía: páginas 403-11
505 0# - FORMATTED CONTENTS NOTE
Formatted contents note El recurso agua -- Recursos hídricos de Colombia -- Aguas lluvias y escorrentia superficial -- Red hidrometeorológica -- El agua en sus diversos usos -- Consumo de agua por sectores en Colombia -- Problemática del recurso agua -- Gestión de los recursos hídricos -- Presupuesto destinado a los recursos hídricos -- Marco legal de los recursos hídricos
650 14 - SUBJECT ADDED ENTRY--TOPICAL TERM
Topical term or geographic name entry element Recursos acuáticos
9 (RLIN) 15503
Form subdivision Estadísticas
Geographic subdivision Colombia
650 24 - SUBJECT ADDED ENTRY--TOPICAL TERM
Topical term or geographic name entry element Agua
Form subdivision Estadísticas
9 (RLIN) 37671
942 ## - ADDED ENTRY ELEMENTS (KOHA)
Source of classification or shelving scheme Dewey Decimal Classification
Koha item type Books
Existencias
Withdrawn status Lost status Source of classification or shelving scheme Damaged status Not for loan Collection code Home library Current library Date acquired Source of acquisition Full call number Barcode Date last seen Copy number Koha item type
    Dewey Decimal Classification     Non-fiction Biblioteca Pública José María del Castillo y Rada Biblioteca Pública José María del Castillo y Rada 04/15/2018 Donación 333.91861021 / M353e 430003690 05/16/2024 Ej.1 Books